Trstená - Ústav nár. zdravia

Zobrazenie: Pohľad zľavana budovy Ústavu národného zdravia v Trstenej obklopené murovaným a drôteným plotom. V popredí zarastená plocha a cesta

Podrobná bibliografia
Médium: Pohľadnica
Jazyk:slovenčina
Fyzický popis:1 pohľadnica čiernobiela 11 x 15 cm
Vydavateľské údaje: [Bratislava] SVPL 1959
Predmet:

MARC

LEADER 00000nkm a2200000 a 4500
001 vtls011774381
003 SK-MaSNL
005 20260512122946.0
007 kp bo
008 240131s1959 xo g kuslo
015 |a SNBG1959 
035 |a urn:nbn:sk:snk-km00dowh 
035 |a urn:nbn:sk:snk-km3lye5 
035 |a 6C732BC2-983F-48BB-8C7D-E0F883F3E0F3 
040 |a SNK  |b slo  |c SNK  |e AACR2 
041 0 |a slo 
043 |a e-xo--- 
044 |a xo  |c SK 
072 7 |a 913  |x Regionálna geografia  |2 konspekt 
080 |a 913(437.6)  |2 2011 
080 |a 614.2:[725.1:614.21]  |2 2011 
080 |a (084.121)  |2 2011 
245 0 0 |a Trstená - Ústav nár. zdravia  |h grafika 
260 |a [Bratislava]  |b SVPL  |c 1959 
300 |a 1 pohľadnica  |b čiernobiela  |c 11 x 15 cm 
520 8 |a Zobrazenie: Pohľad zľavana budovy Ústavu národného zdravia v Trstenej obklopené murovaným a drôteným plotom. V popredí zarastená plocha a cesta 
650 0 7 |a liečebne  |2 SNKPH  |9 56920 
651 7 |a Trstená (Slovensko)  |2 SNKPHgeo  |9 170148 
655 7 |a miestne pohľadnice  |2 SNKPH  |9 70510 
852 |a Slovenská národná knižnica 
958 |a GBN 
958 |a GC 
958 |a OND 
958 |a EUIPO 
999 |c 684935  |d 686865 
952 |a SNK  |b SNK  |y PREZ  |7 0  |p 17A1298263  |o snkSP 129001  |0 0  |1 0  |4 0  |d 2018-08-23  |f 1  |l 0  |r 2026-02-23 20:09:20  |w 2026-02-23